000 01622nam a22003377a 4500
003 OSt
005 20230420110120.0
008 221006b |||||||| |||| 00| 0 eng d
040 _cBiblioteca Lado V
082 _a700
_bZ39a
100 _9802
_aZaya, Antonio
_eeditor
_edirector
245 _aAtalantica/
_bRevista de Arte y Pensamiento/
260 _bCentro Atlantico de Arte Moderno
_c1996
_aEspaña
300 _c24x30cm
_a193p.
366 _efre
366 _eeng
490 _v1996
_x1132-8428
_a14
505 _tTerritorios Transmisiones Terminales
_aMondo Coleman Proyecto de James Croak El Parque de la Herencia Nuclear Proyecto de Juan Carlos Robles Del Deseo al Impulso Proyecto de Xu Bing Agente 2000 Proyecto de Robyn Orlin Del Terror a la no participación Proyecto ADA
505 _tNexus Canarias
_aProyecto de Javier Caballero El Crepúsculo de la Mirada Proyecto de David Drago
505 _tRevista
_aDak'Art 1996 Contra el Limite Proyecto de Julio Jara Vicente Rojo Carmelo Lacaci Noticia de Atalanta
650 _2Tesauro de Arte & Arquitectura
_aARTE
_9703
650 _2Tesauro de Arte & Arquitectura
_aEXPOSICIONES
650 _2Tesauro de Arte & Arquitectura
_aCULTURA
650 _2Tesauro de Arte & Arquitectura
_aAPRECIACION
650 _2Tesauro de Arte & Arquitectura
_aTEORIA
650 _2Tesauro de Arte & Arquitectura
_aCRITICA
650 _2Tesauro de Arte & Arquitectura
_aFOTOGRAFIA
_9702
650 _2Tesauro de Arte & Arquitectura
_aLITERATURA
650 _2Tesauro de Arte & Arquitectura
_aESPAÑA
942 _2ddc
_c1
_h700
_iZ39a
_n0
999 _c3399
_d3399